000
00478nam a2200181Ia 4500
008
090122s9999 xx 000 0 und d
082
_b
685
_a
340
100
_a
कापसे
_b
राम
245
_a
लेंटीन आयोग
260
_b
गौरी
_c
1988
300
_a
76
501
_a
--
600
_a
कापसे
630
_a
लेंटीन आयोग
700
_a
कापसे
730
_a
लेंटीन आयोग
942
_c
BOOK
999
_c
24763
_d
24763